Mémoires de Littérature, tirés des registres de l'Académie Royale des Inscriptions et Belles-Lettres, depuis l'année MDCCLXIV, jusques & compris l'année MDCCLXVI (Record no. 151347)
[ view plain ]
| 000 -LEADER | |
|---|---|
| campo de control de longitud fija | 01026nam a2200217 i 4500 |
| 001 - NÚMERO DE CONTROL | |
| campo de control | 151347 |
| 003 - IDENTIFICADOR DE NÚMERO DE CONTROL | |
| campo de control | ES-MaACL |
| 005 - FECHA Y HORA DE LA ÚLTIMA TRANSACCIÓN | |
| campo de control | 20230906203956.0 |
| 008 - DATOS DE LONGITUD FIJA--INFORMACIÓN GENERAL | |
| campo de control de longitud fija | 990722s1770 fr a |||| | fre d |
| 040 ## - FUENTE DE CATALOGACIÓN | |
| Centro catalogador/agencia de origen | LR |
| Lengua de catalogación | spa |
| Centro/agencia transcriptor | LR |
| 110 2# - ENTRADA PRINCIPAL--NOMBRE DE ENTIDAD CORPORATIVA | |
| Nombre de entidad corporativa o nombre de jurisdicción como elemento de entrada | Académie des inscriptions et belles-lettres (Francia) |
| 9 (RLIN) | 1230 |
| 245 10 - MENCIÓN DEL TÍTULO | |
| Título | Mémoires de Littérature, tirés des registres de l'Académie Royale des Inscriptions et Belles-Lettres, depuis l'année MDCCLXIV, jusques & compris l'année MDCCLXVI |
| Resto del título | : tome trente-conquième [i.e. cinquième]. |
| 260 ## - PUBLICACIÓN, DISTRIBUCIÓN, ETC. | |
| Lugar de publicación, distribución, etc. | A Paris : |
| Nombre del editor, distribuidor, etc. | de l'Imprimerie Royale, |
| Fecha de publicación, distribución, etc. | 1770. |
| 300 ## - DESCRIPCIÓN FÍSICA | |
| Extensión | [6], 807 p., [3] h. de grab., [1] h. de grab. pleg. ; |
| Dimensiones | 25 cm. |
| 597 ## - NOTA DE DESCRIPCIÓN FÍSICA | |
| NOTA DE DESCRIPCIÓN FÍSICA | Sign. : *3, A-Z4, 2A-2Z4, 3A-3Z4, 4A-4Z4, 5A-5I4. |
| 597 ## - NOTA DE DESCRIPCIÓN FÍSICA | |
| NOTA DE DESCRIPCIÓN FÍSICA | Port. con viñeta xil. |
| 599 ## - NOTA A LAS ILUSTRACIONES | |
| NOTA A LAS ILUSTRACIONES | Las h. de grab. son calc., en alguna de ellas "Guill. De la Haye" y "Eth Haussard Sculp." |
| 700 1# - ENTRADA AGREGADA--NOMBRE PERSONAL | |
| Nombre de persona | La Haye, Guill. de. |
| 9 (RLIN) | 128516 |
| 700 1# - ENTRADA AGREGADA--NOMBRE PERSONAL | |
| Nombre de persona | Haussard, E. |
| 9 (RLIN) | 127814 |
| 852 ## - LOCALIZACIÓN | |
| Ubicación | ES-MaACL |
| Número de control de estantería | R-1298-1343 |
| Nota libre | -- Enc. piel |
| Encuadernación | Olim: G-13300-45 |
| Estatus retirado | Estado de pérdida | Estado de daño | No para préstamo | Colección | Biblioteca de origen | Biblioteca actual | Ubicación en estantería | Fecha de adquisición | Total de préstamos | Signatura topográfica completa | Código de barras | Visto por última vez | Precio de reemplazo | Tipo de ítem Koha |
|---|---|---|---|---|---|---|---|---|---|---|---|---|---|---|
| Libros del s. XVIII | Biblioteca del Ateneo de Madrid | Biblioteca del Ateneo de Madrid | Depósito | 17/01/2008 | R-1298-1343 | 1157911 | 23/02/2023 | 23/02/2023 | Libro impreso antiguo |
